Statistiques concernant Pays avec des succursales Mc Donald's

Cliquez ici pour prendre le quiz!

Statistiques générales

  • Ce quiz a été pris 109 fois
    (83 depuis la dernière actualisation)
  • Le résultat moyen est 73 sur 125

Statistiques - réponses

Nombre de succursale actuellement ouvertePays% Correct
1 485France
100%
14 146États-Unis
99%
1 450Canada
93%
1 274Royaume-Uni
93%
1 472Allemagne
92%
755Russie
91%
402Mexique
89%
191Suède
89%
2 700Chine
88%
600Italie
88%
2 975Japon
88%
520Espagne
86%
1 023Brésil
85%
66Finlande
84%
167Suisse
84%
53Maroc
82%
71Norvège
82%
175Portugal
81%
89Danemark
80%
275Afrique du Sud
78%
222Argentine
78%
195 | 981Australie
78%
25Grèce
78%
300Inde
78%
89Irlande
78%
85Belgique
77%
114Égypte
77%
Derniers restaurants fermés en 2009Islande
74%
13Lettonie
74%
10Luxembourg
74%
254Pays-Bas
74%
101Ukraine
74%
38Croatie
73%
17Lituanie
73%
9Malte
73%
470Pologne
73%
253Turquie
73%
447Corée du Sud
72%
10Estonie
72%
92Hongrie
72%
224Indonésie
70%
166Nouvelle-Zélande
70%
77Chili
69%
84Roumanie
69%
35Slovaquie
69%
23Slovénie
69%
240Thailande
69%
304Arabie Saoudite
68%
21Biélorussie
68%
185Israel
68%
46Qatar
68%
5Andorre
66%
2 (Territoire Français)Guyane
66%
102République Tchèque
66%
185Colombie
65%
30Serbie
65%
133Venezuela
64%
40Bulgarie
62%
172Émirats Arabes Unis
62%
22Viet Nam
62%
18Chypre
61%
1Cuba
61%
2Monaco
61%
25Uruguay
61%
54Costa Rica
59%
10Honduras
59%
1 (Actuellement fermé à cause d'une guerre)Irak
59%
72Pakistan
59%
40Pérou
59%
413Taiwan
59%
19Paraguay
58%
136Singapour
58%
30Equateur
57%
Derniers restaurants fermés en 2005Jamaique
57%
Derniers restaurants fermés en 2002Bolivie
55%
5Bosnie Herzégovine
55%
95Guatemala
55%
20Kazakhstan
55%
23Liban
55%
Derniers restaurants fermés en 2013Macédoine du Nord
55%
1Liechtenstein
54%
282Malaisie
54%
24Oman
53%
Derniers restaurants fermés en 2019Saint-Marin
53%
9 (Territoire Français)Martinique
51%
4Fidji
49%
8 (Territoire Français)Guadeloupe
49%
5Moldavie
49%
57Panama
49%
655Philippines
49%
4 (Territoire Français)Réunion
49%
7Sri Lanka
49%
3Suriname
49%
31Jordanie
47%
19Azerbaidjan
45%
18Géorgie
45%
19Salvador
45%
3Bahamas
43%
23Bahrein
43%
77Koweit
43%
6Nicaragua
43%
31République Dominicaine
42%
Derniers restaurants fermés en 1990Barbade
39%
237 (Administration spécial de Chine)Hong Kong
39%
1Samoa
38%
6Trinité et Tobago
36%
1 (Territoire Français)Mayotte
34%
2 (Territoire Français)Nouvelle-Calédonie
32%
12Maurice
30%
3Brunei
28%
3 (Territoire Hollandais)Saint-Martin
28%
108 (Territoire des USA)Porto Rico
27%
6 (Territoire Français)Polynésie Française
24%
27Macao
16%
6 (Territoire des USA)Guam
15%
4 (Territoire Hollandais)Aruba
14%
1 (Territoire Anglais)Gibraltar
14%
5 (Territoire Hollandais)Curaçao
12%
1 (Territoire Anglais)Jersey
9%
2 (Territoire des USA)Samoa Américaine
9%
1 (Territoire Anglais)Île de Man
8%
Derniers restaurants fermés en 1995 (Territoire Anglais)Bermudes
7%
6 (Territoire des USA)Îles Vierges Américaines
5%
2 (Territoire des USA)Iles Marianne du Nord
1%

Distribution des résultats

Percentile par nombre de réponses

% des personnes avec chaque résultat

Votre développement - résultats

Vous n’avez pas pris ce quiz depuis la dernière actualisation